00695nam a2200205Ia 4500952014600000999001500146003000400161005001700165008004100182020001500223040000900238082001800247100002700265245006300292250001200355260004500367300001000412650002500422942004200447 00102ddc40708MANAGEMENTaMESbMEScMANAGEMENTd2019-02-20g350.00l0o658.15 GUP/Fp30650r2019-02-20 00:00:00t1w2019-02-20yBKzGL57R4 c7095d7095OSt20200116111918.0190216s9999||||xx |||||||||||||| ||und|| a8127227382 coclc a658.15bGUP/F a Gupta, Shashi K91007 0aFinancial Management Theory and Practice /cShashi K Gupta a5th ed. bKalyani Publications,a2006.cNew Delhi: a1100p xFinancial Management cBK2ddch658.15iGUP/Fk658.15mGUP/F